| 000 | 00556nam a22001937a 4500 | ||
|---|---|---|---|
| 003 | KOHA_MİRAKIL | ||
| 005 | 20251201083834.0 | ||
| 008 | 251201b tu ||||| |||| 00| 0 tur d | ||
| 020 | _a9758768794 | ||
| 040 |
_aTR-AnABB _btur _cTR-AnABB |
||
| 041 | _atur | ||
| 082 |
_a343.5610786292 _bOTO 2006 |
||
| 100 | 1 | _aAslan,Yılmaz, | |
| 245 | 1 | 0 |
_aOtomotiv sektöründe rekabet hukuku ve politikaları / _cYılmaz Aslan |
| 260 |
_aBursa : _bEkin Yayınevi, _c2006 |
||
| 300 |
_a332 sayfa ; _c24 cm |
||
| 650 | 0 | 4 | _aRekabet hukuku |
| 942 |
_2ddc _cBK |
||
| 999 |
_c9684 _d9684 |
||
| 900 | _bGizem YORULMAZ | ||